Pro D2, clubs de la saison 2021-2022. - Statistiques

Statistiques générales
  • Ce quiz a été pris 148 fois
    73 depuis la dernière actualisation
  • Le résultat moyen est 10 sur 16
Statistiques - réponses
Classement saison 2021 Clubs % Correct
10e Stade montois
81%
6e FC Grenoble
81%
2e RC Vannes
81%
13e (Top 14) Aviron bayonnais
79%
4e US Oyonnax
76%
9e US Montauban
71%
14e (Top 14) SU Agen
70%
12e AS Béziers
68%
13e Provence Rugby
63%
11e Stade aurillacois
62%
2e (Nationale) RC Narbonne
60%
7e USO Nevers
60%
14e Rouen NR
59%
5e US Colomiers
57%
8e US Carcassonne
46%
1er (Nationale) US bressane
32%
Aucun quiz correspondant
Distribution des résultats
% des personnes avec chaque résultat
Percentile par nombre de réponses
Votre historique - résultats
Vous n’avez pas pris ce quiz depuis la dernière actualisation